| 000 | 00872nam a2200253 a 4500 | ||
|---|---|---|---|
| 001 | BRCA_233 | ||
| 005 | 20190320202929.0 | ||
| 008 | 790126r1974 mx-a---##b---#000-0#spa-# | ||
| 040 |
_aDLC _cDLC _dDLC |
||
| 050 | 4 |
_aHN113 _b.M45 1974 |
|
| 245 | 1 | 0 |
_aEl México de Guadalupe Victoria _b(1824-1829) _cprólogo de Gonzalo Obregón. |
| 260 |
_aMéxico _bCuauhtémoc _c1974 |
||
| 300 |
_a112 p. _bil. a color _c41 cm. |
||
| 500 | _aIncluye pinturas en acuarela de un artista desconocido y otras de C. Linati | ||
| 500 | _aEdición privada de Cartón y Papel de México | ||
| 504 | _aBibliografía: p. 111 | ||
| 650 | 1 | 4 |
_aIndumentaria _zMéxico _9808 |
| 650 | 1 | 4 |
_aMéxico en el arte _9809 |
| 651 | 4 |
_aMéxico _xCondiciones sociales _9810 |
|
| 651 | 4 |
_aMéxico _xVida social y costumbres _9769 |
|
| 653 | 0 | _aVida cotidiana | |
| 700 | 1 |
_aObregón, Gonzalo _9811 |
|
| 942 |
_2lcc _cB |
||
| 999 |
_c190 _d190 |
||